|
|
|
|
| LEADER |
01115nam a2200265 a 4500 |
| 001 |
2456109 |
| 008 |
091008s1990 mauak bf 001 0 eng d |
| 010 |
|
|
|a \\\89084051
|
| 020 |
|
|
|a 066920160X
|
| 040 |
|
|
|a DLC
|c DLC
|d DLC
|
| 082 |
0 |
0 |
|a 371.3/028
|2 20
|
| 245 |
0 |
0 |
|a Teaching strategies :
|b a guide to better instruction /
|c Donald C. Orlich ... [et al.].
|
| 250 |
|
|
|a 3rd ed.
|
| 260 |
|
|
|a Lexington, Mass. :
|b D.C. Heath,
|c c1990.
|
| 300 |
|
|
|a xv, 408 p. :
|b ill., forms ;
|c 24 cm.
|
| 504 |
|
|
|a Includes bibliographical references.
|
| 541 |
1 |
|
|e 00005086
|
| 650 |
|
0 |
|a Teaching
|x Handbooks, manuals, etc.
|
| 650 |
|
0 |
|a Lesson planning
|x Handbooks, manuals, etc.
|
| 650 |
|
0 |
|a Educational tests and measurements
|x Handbooks, manuals, etc.
|
| 650 |
|
0 |
|a Classroom management
|x Handbooks, manuals, etc.
|
| 700 |
1 |
|
|a Orlich, Donald C.
|
| 852 |
4 |
|
|a Ayesha Abed Library
|j General shelf
|
| 999 |
|
|
|c 4333
|d 4333
|
| 952 |
|
|
|0 0
|1 0
|2 ddc
|4 0
|6 371_302800000000000_TEA_1990
|7 0
|9 4005
|a BRACUL
|b BRACUL
|c GEN
|d 2009-10-08
|g 0.00
|l 3
|m 10
|o 371.3028 TEA
|p 3010005086
|r 2017-07-23
|s 2017-04-26
|t 1
|w 2009-10-08
|y BK
|x No price found in the accession register.
|